Общая геология с основами исторической геологии и геологии СССР: учебное пособие

Bibliografiset tiedot
Päätekijä: Левитес Я. М. Яков Моисеевич
Kieli:venäjä
Julkaistu: Москва, Недра, 1978
Painos:2-е изд., перераб. и доп.
Aiheet:
Aineistotyyppi: Kirja
KOHA link:https://koha.lib.tpu.ru/cgi-bin/koha/opac-detail.pl?biblionumber=66447

MARC

LEADER 00000nam0a2200000 4500
001 66447
005 20231031072012.0
035 |a (RuTPU)RU\TPU\book\70630 
090 |a 66447 
100 |a 20040820d1978 m y0rusy50 ca 
101 0 |a rus 
102 |a RU 
105 |a a j 001zy 
200 1 |a Общая геология с основами исторической геологии и геологии СССР  |e учебное пособие  |f Я. М. Левитес 
205 |a 2-е изд., перераб. и доп. 
210 |a Москва  |c Недра  |d 1978 
215 |a 360 с.  |c ил. 
320 |a Библиография: с. 349 
320 |a Предметный указатель: с. 350-357 
610 1 |a геология 
610 1 |a историческая геология 
610 1 |a Земля 
610 1 |a геологические процессы 
610 1 |a состав 
610 1 |a строение 
610 1 |a исследование 
610 1 |a формирование 
610 1 |a палеонтология 
610 1 |a учебные пособия 
610 1 |a история 
675 |a 55(075.8)  |v 3 
675 |a 551.7(075.8)  |v 3 
700 1 |a Левитес  |b Я. М.  |g Яков Моисеевич 
801 0 |a RU  |b 63413507  |c 20011210  |g PSBO 
801 2 |a RU  |b 63413507  |c 20161004  |g PSBO 
900 |a Структурная геология 
942 |c BK